000 00454nam a2200181Ia 4500
001 20830
005 20260306172834.0
008 260306t2014||||xx |||||||||||||| ||spa||
041 _aESP
082 _a343.8
_bF42
100 _aFernández Ventosilla, Arturo
_eAUT
245 0 _aIndemnizaciones, penalidades, arras y garantías
260 _c2014
300 _a71 páginas :
_c24 cm.
650 _aGEN
654 _aCDE
942 _cLIB
_dJUS
_fJUS
_2ddc
_n
999 _c20830
_d20830